SAGE BRIEF GUIDE TO BUSINESS ETHICS (Record no. 27816)

MARC details
000 -LEADER
fixed length control field 00327nam a2200133Ia 4500
008 - FIXED-LENGTH DATA ELEMENTS--GENERAL INFORMATION
fixed length control field 240624s9999 xx 000 0 und d
041 ## - LANGUAGE CODE
Language code of text/sound track or separate title eng
082 ## - DEWEY DECIMAL CLASSIFICATION NUMBER
Classification number 174.4 SAG
100 ## - MAIN ENTRY--PERSONAL NAME
Personal name SAGE
245 ## - TITLE STATEMENT
Title SAGE BRIEF GUIDE TO BUSINESS ETHICS
260 ## - PUBLICATION, DISTRIBUTION, ETC.
Date of publication, distribution, etc. 2012
Place of publication, distribution, etc. New Delhi
Name of publisher, distributor, etc. Sage
300 ## - PHYSICAL DESCRIPTION
Extent x, : 391 : p. : cm. ; 22
365 ## - TRADE PRICE
Currency code
Price amount 32
Holdings
Withdrawn status Lost status Damaged status Not for loan Home library Current library Shelving location Date acquired Source of acquisition Cost, normal purchase price Full call number Barcode Date last seen Copy number Price effective from Koha item type
        IMTN IMTN Rack 4-A 08/05/2016 RW 39.00 174.4 SAG 27816 06/24/2024 70.6 06/24/2024 Books
Designed & Maintained by: LRC IMT Nagpur Contact: lrc@imtnag.ac.in© 2024. All Rights Reserved.